| 000 | 01112nam a2200313Ia 4500 | ||
|---|---|---|---|
| 001 | H1495 | ||
| 003 | IT-RoPAU | ||
| 008 | 130308s9999 xx 000 0 und d | ||
| 040 | _aIT-RoPAU | ||
| 040 | _cIT-RoPAU | ||
| 041 | _aFRANCESE | ||
| 100 | _aAA.VV. | ||
| 100 | _gCodice Aut. SPICS: 12000 | ||
| 245 | _aPhilosophies de notre temps | ||
| 245 | _bPhilosophies de Notre Temps | ||
| 250 | _a1a ed. | ||
| 260 | _aAUXERRE | ||
| 260 | _bSciences Humaines | ||
| 260 | _c2000 [1° Ed.:2000 - Ed.Ling.Originale:2000] | ||
| 300 | _a"376 p. (prefazione: 14; testo: 362 [pagine: 0-0])" | ||
| 500 | _a"Filosofia del Nostro Tempo: Pensatori D'Oggi; Postmodernita'; Etica; Politica; Scienze; Spirito e pensiero . Saggi di Autori vari Coordinati da Jean Francois Dortier. Introduzione del Curatore. Appendici: Parole Chiave; Bibliografia Generale; indice Tematico; Indici dei Nomi e delle Persone." | ||
| 650 | _aFILOSOFIA LINGUISTICA | ||
| 650 | _eCodice materia Spics: 3101 | ||
| 700 | _aDortier Jean-Francois | ||
| 700 | _gCodice Aut. SPICS: 54684 | ||
| 942 | _cBK | ||
| 957 | _71 | ||
| 999 |
_c87750 _d87750 |
||
| 999 | _g1 | ||